Trois Anachoretes d'Egypte /

محفوظ في:

المؤلف الرئيسي: Zananiri, G., 1904- (مؤلف)

التنسيق: كتاب

اللغة: French

منشور في: Alexandrie, Egypt : Aus Editions de "La Semaine Egyptienne," 1933.

الموضوعات:

الوسوم: إضافة وسم

لا توجد وسوم, كن أول من يضع وسما على هذه التسجيلة!

رقم الطلب: BX2847 .E3 Z2 1933

LEADER 00768nam a2200253K 4500
001 10318
003 OSt
005 20251102140047.0
008 130303s1933 ua b 000 0 fre d
035 |a ocm35006562 
040 |c ARCE Library 
043 |a f-ua--- 
050 4 |a BX2847 .E3 Z2 1933 
100 1 |a Zananiri, G.,   |q (Gaston),   |d 1904-,   |e author  |9 42595 
245 1 0 |a Trois Anachoretes d'Egypte /   |c par G. Zananiri. 
264 1 |a Alexandrie, Egypt :  |b Aus Editions de "La Semaine Egyptienne,"  |c 1933. 
300 |a 69, [3] pages ;   |c 19 cm. 
504 |a Includes bibliographical references. 
650 0 |a Hermits  |z Egypt.  |9 5124 
651 0 |a Egypt  |x Church history. 
852 |a IN  |c 20090707085840.0n  |p 10050 
901 |a reviewed 
942 |c BK  |2 lcc 
999 |c 10101  |d 10101